000 nam a22 7a 4500
999 _c9452
_d9452
008 180131b ||||| |||| 00| 0 eng d
100 _aSharma, R K
_91875
245 _aabc of science and technology NCERT/CBSE
260 _aNew Delhi
_bHoly Faith Publication